LEADER 00846cam0 22002531 450 001 SOBE00024744 005 20120420103047.0 100 $a20120420d1966 |||||ita|0103 ba 101 $aita 102 $aIT 200 1 $aEsecuzione forzata$ediritto romano$fPasquale Voci 210 $aMilano$cGiuffre$d1966 215 $a10 p.$d24 cm 300 $aEstr. da: Enciclopedia del diritto, v. 15 700 1$aVoci$b, Pasquale$3AF00008691$4070$0229710 801 0$aIT$bUNISOB$c20120420$gRICA 850 $aUNISOB 852 $aUNISOB$jFondo|Casavola|Opusc$m150965 912 $aSOBE00024744 940 $aM 102 Monografia moderna SBN 941 $aM 957 $aFondo|Casavola|Opusc$b002184$gSI$d150965$hCasavola$rdono$1catenacci$2UNISOB$3UNISOB$420120420103050.0$520120420103121.0$6catenacci 996 $aEsecuzione forzata$91718052 997 $aUNISOB